Score 0/200 Timer 10:00
1 Play Today
% Correct
I
93.3%
I
93.3%
I
93.3%
I
93.3%
Juliet
93%
the
92.8%
the
92.8%
the
92.8%
the
92.8%
The
92.8%
the
92.8%
the
92.8%
a
92%
O, it
90.6%
is
88.3%
is
88.3%
is
88.3%
is
88.3%
is
88.3%
is
88.3%
is
88.3%
and
84.4%
and
84.4%
and
84.4%
and
84.4%
And
84.4%
and
84.4%
sun.
84.1%
sun,
84.1%
O, that
82.8%
O, that
82.8%
What
80.2%
what
80.2%
What
80.2%
It
80.2%
it;
80.2%
it
80.2%
It
80.2%
it.
80.2%
it
80.2%
light
76.8%
window
75.2%
yonder
74.4%
breaks?
73%
east,
72.7%
love!
67.8%
so
67.2%
she:
66.6%
she
66.6%
she
66.6%
she
66.6%
She
66.6%
she
66.6%
she
66.6%
But,
66.5%
but
66.5%
but
66.5%
Be
66.4%
moon,
66.3%
she
66.2%
through
65.5%
through
65.5%
That
63.8%
that?
63.8%
That
63.8%
that
63.8%
That
63.8%
% Correct
that
63.8%
Her
61.5%
her
61.5%
her
61.5%
her
61.5%
her
61.5%
her
61.5%
Her
61.5%
her
61.5%
her
61.5%
her
61.1%
her
61.1%
to
59.8%
To
59.8%
my
58%
my
58%
soft!
56.7%
thou
54.8%
fair
53.9%
fair
53.9%
not
52.5%
not
52.5%
not
52.5%
in
51.6%
in
51.6%
in
51.6%
in
51.6%
were
51%
were!
51%
were
51%
were
51%
do
49.9%
do
49.9%
of
49.1%
of
49.1%
of
49.2%
me
48.7%
Who
47.4%
hand,
46.8%
hand!
46.5%
would
43.3%
Would
43.3%
would
43.3%
with
43.1%
See,
42.7%
envious
42.4%
envious;
42.4%
cheek
42.1%
Arise,
42.1%
cheek
41.8%
cheek!
41.8%
upon
41.7%
upon
41.4%
how
41.4%
if
41.1%
eye
41%
touch
40.9%
kill
40.3%
night.
39.5%
might
39.4%
art
39.3%
am
38.5%
a glove
38.3%
more
38.3%
will
37.6%
than
37.4%
pale
37.4%
% Correct
stars
37.2%
stars,
37.2%
As
36.8%
maid
36%
maid,
36%
sick
34.7%
sick
34.7%
eyes
34.2%
eyes
34.2%
eyes
34.2%
'tis
33.8%
too
32.5%
there,
32.3%
knew
31.8%
speaks
31.8%
speaks:
31.8%
bright
31.6%
far
31.3%
all
31.3%
grief,
30.9%
lady,
30.9%
they
30.1%
they
30.1%
yet
29.5%
green
28.1%
heaven
27.3%
heaven,
27.3%
already
27%
says
26.3%
Two
26.1%
off.
25.9%
nothing:
25.7%
none
25.1%
their
25%
doth
23.9%
livery
23.4%
think
22.6%
wear
22.5%
cast
22.3%
some
22.1%
vestal
22%
those
22%
leans
21.8%
fools
21.7%
sing
21.7%
head?
21.7%
bold,
21%
birds
20.7%
since
20.4%
answer
19.9%
fairest
19.1%
discourses;
18.9%
shame
18.4%
twinkle
18.2%
spheres
17.5%
entreat
17.2%
till
17.1%
business,
17%
brightness
16.6%
Having
16.5%
daylight
15.9%
lamp;
15.8%
airy
15.1%
return.
14.7%
stream
14.4%
region
14.2%

You're not logged in!

Compare scores with friends on all Sporcle quizzes.
OR
Log In

Sporcle TV

Today on Sporcle TV


Watch our educational content, quiz creation guides, and fun videos on Sporcle TV.

Show Comments

Extras

Top Quizzes Today


Score Distribution

Paid Content

Your Account Isn't Verified!

In order to create a playlist on Sporcle, you need to verify the email address you used during registration. Go to your Sporcle Settings to finish the process.

Report this User

Report this user for behavior that violates our Community Guidelines.

Details: